Statistiques concernant En 2023, combien de temps en train pour aller de Paris à...

Cliquez ici pour prendre le quiz!

Statistiques générales

  • Ce quiz a été pris 60 fois
  • Le résultat moyen est 6 sur 24

Statistiques - réponses

HintRéponse% Correct
NiceEntre 5h30 et 6h
57%
OrléansEntre 1h et 1h30
43%
ToulouseEntre 4h et 4h30
43%
RennesEntre 1h30 et 2h
39%
LyonEntre 1h30 et 2h
32%
DijonEntre 1h30 et 2h
32%
RouenEntre 1h et 1h30
32%
MarseilleEntre 3h et 3h30
29%
BordeauxEntre 2h et 2h30
25%
AnnecyEntre 3h30 et 4h
25%
CaenEntre 1h30 et 2h
21%
StrasbourgEntre 1h30 et 2h
21%
PerpignanEntre 4h30 et 5h
21%
NantesEntre 2h et 2h30
18%
ReimsMoins d'1 heure
18%
NîmesEntre 2h30 et 3h
14%
Clermont-FerrandEntre 3h30 et 4h
14%
BrestEntre 3h et 3h30
14%
PauEntre 4h et 4h30
14%
La RochelleEntre 2h30 et 3h
11%
MontpellierEntre 3h et 3h30
11%
Le MansMoins d'1 heure
11%
MetzEntre 1h et 1h30
7%
LilleMoins d'1 heure
7%

Distribution des résultats

Percentile par nombre de réponses

% des personnes avec chaque résultat

Votre développement - résultats

Vous n’avez pas pris ce quiz